Poppy Playtime Experiment #’s - Statistics

General Stats
  • This quiz has been taken 80 times
  • The average score is 13 of 20
Answer Stats
# Toy % Correct
1170 Huggy Wuggy
98%
1188 CatNap
92%
1222 Mommy Long Legs
90%
1322 Doey The Doughman
85%
1007 Poppy Playtime
85%
1006 Prototype
85%
1172 Kissy Missy
83%
1166 Yarnaby
79%
1176 Bunzo Bunny
73%
1199 Bron
71%
1354 Doctor
65%
1468 Lily Lovebraids
63%
1202 Giblet
60%
1160 Boxy Boo
56%
1174 PJ Pug-a-pillar
56%
1163 Pianosaurus
54%
814 Rat
48%
1186 Bobby Bearhug
40%
1198 Rabie Baby
29%
1424 Glowby
15%
No matching quizzes found
Score Distribution
Percent of People with Each Score
Percentile by Number Answered
Your Score History
You have not taken this quiz